书目信息 |
| 题名: |
慕肖森男爵之归来
|
|
| 作者: | 科尔扎诺夫斯基 著 ;王一笑 , 冯冬 译 | |
| 分册: | ||
| 出版信息: | 南宁 广西科学技术出版社 2023 |
|
| 页数: | 161页 | |
| 开本: | 20cm | |
| 丛书名: | 猛犸译丛 | |
| 单 册: | ||
| 中图分类: | I512.45 | |
| 科图分类: | ||
| 主题词: | 长篇小说--俄罗斯--现代 | |
| 电子资源: | ||
| ISBN: | 978-7-5551-1969-2 | |
| 000 | 00986nam0 2200289 450 | |
| 001 | 012495800 | |
| 005 | 20230828142111.0 | |
| 010 | @a978-7-5551-1969-2@b精装@dCNY49.80 | |
| 100 | @a20230828d2023 em y0chiy0120 ea | |
| 101 | 1 | @achi@crus |
| 102 | @aCN@b450000 | |
| 105 | @aa z 000ay | |
| 106 | @ar | |
| 200 | 1 | @a慕肖森男爵之归来@9mu xiao sen nan jue zhi gui lai@dThe return of munchausen@f(俄罗斯)西吉茨蒙德·科尔扎诺夫斯基(Sigizmund Krzhizhanovsky)著@g王一笑,冯冬译@zeng |
| 210 | @a南宁@c广西科学技术出版社@d2023 | |
| 215 | @a161页@c照片@d20cm | |
| 225 | 1 | @a猛犸译丛 |
| 461 | 0 | @12001 @a猛犸译丛 |
| 510 | 1 | @aReturn of munchausen@zeng |
| 586 | @a | |
| 606 | 0 | @a长篇小说@y俄罗斯@z现代 |
| 690 | @aI512.45@v5 | |
| 701 | 0 | @c(俄罗斯)@a科尔扎诺夫斯基@9ke er zha nuo fu si ji@c(Krzhizhanovsky, Sigizmund@f1887-1950)@4著 |
| 702 | 0 | @a王一笑@9wang yi xiao@4译 |
| 702 | 0 | @a冯冬@9feng dong@4译 |
| 801 | 0 | @aCN@c20230831 |
| 905 | @dI512.45@eK499@f2@sI512.45/K499@S@Z | |
| 慕肖森男爵之归来=The return of munchausen/(俄罗斯)西吉茨蒙德·科尔扎诺夫斯基(Sigizmund Krzhizhanovsky)著/王一笑,冯冬译.-南宁:广西科学技术出版社,2023 |
| 161页:照片;20cm.-(猛犸译丛) |
| ISBN 978-7-5551-1969-2(精装):CNY49.80 |
| ● |
| 相关链接 |
|
|
|
正题名:慕肖森男爵之归来
索取号:I512.45/K499
 
预约/预借
| 序号 | 登录号 | 条形码 | 馆藏地/架位号 | 状态 | 备注 |
| 1 | 21620289 | 216202892 | 文学库116/116文学库 17排1列4层/ [索取号:I512.45/K499] | 在馆 | |
| 2 | 21620290 | 216202909 | 文学库116/116文学库 17排1列4层/ [索取号:I512.45/K499] | 在馆 |